01190nam a22002891a 4500001001000000003000400010005001700014008004100031020004200072040003500114050001600149245026400165250002000429260003600449300004600485336002600531337002800557338002700585504005100612650003600663650004700699700002900746700002600775700003300801700003200834700003400866016229615OSt20260219123234.0121207s2013 stka 000 0 eng|d a9781416063865 (Hardcover)cUSD 134.00 aStDuBDSbengcStDuBDSdUkerda aRC358.8 NET04aThe Netter collection of medical illustrations, volume 7 :bnervous system, part II - spinal cord and peripheral motor and sensory systems /cedited by H. Royden Jones, Ted M. Burns, Michael J. Aminoff and Scott L. Pomerory ; illustrations by Frank H. Netter. aSecond edition. aEdinburgh :bSaunders,c©2013. axix, 290 pages :bIllustrations ;c30 cm. atext2rdacontentbtxt aunmediated2rdamediabn avolume2rdacarrierbnc aIncludes bibliographical references and index. 0aSpinal cordxDiseasesvAtlases. 0aCentral nervous systemxDiseasesvAtlases.1 aJones, H. RoydeneEditor1 aBurns, M. TedeEditor1 aAminoff, Michael J. eEditor1 aPomerory, Scott L. eEditor1 aNetter, Frank H.eIllustrator